| 000 | 01044nam a2200289Ia 4500 | ||
|---|---|---|---|
| 005 | 20260218161119.0 | ||
| 008 | 130821s2012 ck ad fr spa d | ||
| 020 | _a9589446108 | ||
| 020 | _a9789589446614 (3a.Ed.) | ||
| 020 | _a9789588993829 (4a.Ed.) | ||
| 040 |
_aCo-BoUCM _bspa _cSaul Niño (Modificó) _dSandra Palacio (modificó) |
||
| 041 | 0 | 0 | _aspa |
| 060 | 0 | 4 | _aWF 102 |
| 100 | 1 |
_aCristancho Gomez, William _965113 |
|
| 245 | 1 | 0 |
_aFisiología respiratoria _blo esencial en la práctica clínica _cWilliam Cristancho Gómez |
| 250 | _a4a. Ed | ||
| 260 |
_aBogotá (Colombia) _bManual Moderno _c2022 |
||
| 300 |
_a284 Páginas _bilustraciones, gráficas |
||
| 504 | _aIncluye referencias bibliográficas e índices | ||
| 650 | 0 | 4 |
_aAparato respiratorio _xFisiología _99223 |
| 650 | 7 |
_aPulmones _922940 |
|
| 650 | 0 | 4 |
_aFisiología humana _915943 |
| 650 | 0 | 4 |
_aFisiología _915925 |
| 650 | 7 |
_aEnfermedades del sistema respiratorio _914386 |
|
| 690 | 0 |
_aFisiología _915925 |
|
| 942 |
_cLIBRO _a15 _e4 _mC933f _2NLM _hWF 102 _n0 |
||
| 999 |
_c47516 _d47516 |
||